| 000 | 00000nas 2200000za 4500 |
| 001 | 9.504359 |
| 003 | CaOODSP |
| 005 | 20250224180329 |
| 007 | cr ||||||||||| |
| 008 | 150406d19972000oncqr pso||||f0 a0eng|d |
| 022 | |a1480-0772 |
| 040 | |aCaOODSP|beng |
| 043 | |an-cn--- |
| 086 | 1 |aA27-19E-PDF |
| 110 | 1 |aCanada.|bAgriculture and Agri-Food Canada. |bPolicy Branch, |eauthor, |eissuing body. |
| 210 | 0 |aQ. agri-food trade highlights |b(Online) |
| 222 | 0|aQuarterly agri-food trade highlights |b(Online) |
| 245 | 10|aQuarterly agri-food trade highlights / |cEconomic and Policy Analysis Directorate. |
| 246 | 10|aAgri-food trade highlights |
| 264 | 1|aOttawa : |bEconomic and Policy Analysis Directorate, Policy Branch, Agriculture and Agri-Food Canada, |c[1997]-[2000?]. |
| 310 | |aQuarterly |
| 362 | 1 |aBegan with no. 97:1 (1st quarter, 1997); ceased with fourth quarter, 1999? |
| 500 | |aIssued also in French under title: Rapport trimestriel sur le commerce agroalimentaire, faits saillants. |
| 690 | 07|aAgri-food industry|2gcpds |
| 690 | 07|aTrade|2gcpds |
| 775 | 08|tRapport trimestriel sur le commerce agroalimentaire, faits saillants / |w(CaOODSP)9.500795 |
| 776 | 0#|tQuarterly agri-food trade highlights / |w(CaOODSP)9.514165 |